Normal view
MARC view
- اليهود السفارديم- اسرائيل، الطبقات الاجتماعية- اسرائيل
Entry Topical Term
001 - CONTROL NUMBER
- control field: 7797
003 - CONTROL NUMBER IDENTIFIER
- control field: JO-AjAnu
005 - DATE AND TIME OF LATEST TRANSACTION
- control field: 20230606071547.0
008 - FIXED-LENGTH DATA ELEMENTS
- fixed length control field: 230606|| aca||aabn | a|a d
040 ## - CATALOGING SOURCE
- Original cataloging agency: JO-AjAnu
- Transcribing agency: JO-AjAnu
150 ## - HEADING--TOPICAL TERM
- Topical term or geographic name entry element: اليهود السفارديم- اسرائيل، الطبقات الاجتماعية- اسرائيل
670 ## - SOURCE DATA FOUND
- Source citation: Work cat.: (JO-AjAnu)4029: تاليق مجموعة من الكتاب اليهود؛ ترجمة جديد، فؤاد, author 7796, إسرائيل الثانية: المشكلة السفاردية